00472nam a2200157Ia 450000500170000000800410001708200150005810000160007324500340008926000290012330000130015250000330016594200060019895200970020499900130030120250429093044.0240331s9999 xx 000 0 und d a291.5bKAN aKandiah,V.C 0aMattakkalappu saivakovilkal-2 aBatticaloabKoodalc1991 a149 p ., aMattakkalappu Saivakovilakal cL 001040708LaWERCLbWERCLcSSCd2024-03-31l0o 291.5 KANp3169r2024-03-31w2024-03-31yL c859d859